000 00431nam a2200169Ia 4500
008 210719s2009 xx 000 0 und d
041 _akan
082 _a342.085K HERM
100 _aHEREKAL PRAHLADACHARYARU
245 _aMulabhuta hakkugalu: ondu samikshe
260 _aBengaluru
_c2009
300 _ax,284
_bPB
365 _b150
_cRs
650 _aLaw
650 _aLaw
906 _ahakkugalu: ; Mulabhuta ; ondu ; samikshe
999 _c215857
_d215857